| 000 | 00711nam a22001337a 4500 | ||
|---|---|---|---|
| 040 | _cRUA | ||
| 082 | _aLMA SEM 2017 b640 Or.1 | ||
| 100 | _aSEM SOVATHDY សែម សុវត្ថិឌី | ||
| 245 | _athe study on implementation of land use master plan in banlung city ratanakkiri province ការសិក្សារពំពីការអនុវត្តន័តាមប្លង់គោលប្រើប្រាស់ ជីក្នុងក្រុងបានឡុង ខេត្តរតនគីរី | ||
| 260 |
_aRUA _bphnom penh _c2017 |
||
| 300 |
_ax;64p _bill; _c29cm |
||
| 856 | _uhttps://drive.google.com/file/d/1AiwYPjXPH27F8hheWoKo90hMxHDQ1ZKE/view?usp=sharing | ||
| 942 | _cLMA | ||
| 999 |
_c18131 _d18131 |
||